| 000 | 00585nam a22001817a 4500 | ||
|---|---|---|---|
| 999 |
_c2516 _d2516 |
||
| 005 | 20181015224921.0 | ||
| 008 | 181015b ||||| |||| 00| 0 eng d | ||
| 020 | _a0739410830 | ||
| 040 | _cDLC | ||
| 082 |
_a231.3 _bM4789L |
||
| 100 | _aMcQuilkin, Robertson | ||
| 245 |
_aLife in the Spirit _cRobertson McQuilkin (Philip Yancey) |
||
| 260 |
_aTennessee _bBroadman & Holman Publishers _c2000 |
||
| 300 | _ax, 272p,; | ||
| 650 |
_aSpiritual life--Christianity _xChristian life--Study and teaching |
||
| 650 |
_aHoly Spirit--Study and teaching _xYouth--Religious life |
||
| 942 |
_2ddc _cBK |
||